| 000 | 00936nam a22003017a 4500 | ||
|---|---|---|---|
| 003 | PE SENCICO BE | ||
| 005 | 20251020182708.0 | ||
| 008 | 240702b |||||||| |||| 00| 0 eng d | ||
| 040 |
_aPE SENCICO BE _cPE SENCICO BE |
||
| 041 | _aspa | ||
| 110 | 1 |
_92373 _aA+U Publishing |
|
| 245 | 1 |
_aA+U : _bArchitecture and urbanism / _cA+U Publishing |
|
| 260 |
_aTokyo : _bA + U Publishing ; _c2016 - |
||
| 300 |
_av. _bil. col. ; _c29 cm. |
||
| 500 | _aTexto en idioma japonés e inglés. | ||
| 500 | _aDescripción basada en: N° 551 (2016). | ||
| 650 | 1 | 0 |
_9570 _aArquitectura urbana |
| 650 | 2 | 0 |
_9191 _aArquitectura moderna |
| 650 | 2 | 0 |
_9519 _aEdificios |
| 650 | 2 | 0 |
_918 _aDiseño arquitectónico |
| 650 | 2 | 0 |
_91424 _aArquitectura estética |
| 650 | 2 | 0 |
_984 _aMuseos |
| 650 | 2 | 0 |
_9806 _aArquitectura ecológica |
| 650 | 2 | 0 |
_978 _aUrbanismo |
| 866 |
_a2016 : 1(551) _a2017 : 1(567) |
||
| 910 |
_ahfp _bhfp _chfp |
||
| 942 | _cREV | ||
| 999 |
_c4996 _d4996 |
||